[Event "SVK-chT1W 2223"]
[Site "Slovakia"]
[Date "2023.03.12"]
[Round "11.6"]
[White "Kovacik, Emil"]
[Black "Foglar, Ivan"]
[Result "1/2-1/2"]
[WhiteElo "2047"]
[BlackElo "1965"]
[PlyCount "124"]
[EventDate "2022.10.15"]
[EventType "team-tourn"]
[EventRounds "11"]
[EventCountry "SVK"]
[SourceTitle "EXT 2024"]
[Source "ChessBase"]
[SourceDate "2023.10.10"]
[SourceVersion "1"]
[SourceVersionDate "2023.10.10"]
[SourceQuality "1"]
[WhiteTeam "Dubnica nad Vahom II"]
[BlackTeam "Bratislava Lokomotiva"]
[WhiteTeamCountry "SVK"]
[BlackTeamCountry "SVK"]

1. e4 e5 2. Nf3 Nc6 3. d4 exd4 4. Bc4 Bc5 5. Ng5 Nh6 6. Nxf7 Nxf7 7. Bxf7+ Kxf7 8. Qh5+ g6 9. Qxc5 d6 10. Qb5 Re8 11. 0-0 Qe7 12. Re1 Qe5 13. Qb3+ Qe6 14. Qf3+ Kg8 15. c3 Bd7 16. cxd4 Nxd4 17. Qd3 c5 18. Nc3 Bc6 19. Bd2 a5 20. Re3 b5 21. Rae1 Qc4 22. Qb1 b4 23. b3 Qf7 24. Ne2 Nxe2+ 25. R1xe2 a4 26. Bc1 axb3 27. axb3 d5 28. e5 Qe6 29. Rg3 Rf8 30. Bh6 Rf5 31. f4 Rf7 32. Re1 d4 33. h4 Bb5 34. Qe4 Rc8 35. h5 Rf5 36. hxg6 hxg6 37. Qb7 Bd7 38. Rc1 Qc6 39. Qa7 Rf7 40. Qa2 Bf5 41. Bg5 d3 42. Bf6 Qe4 43. Qd2 Qd4+ 44. Qe3 d2 45. Rd1 Rd7 46. e6 Qxe3+ 47. Rxe3 Rd5 48. Re2 Bc2 49. Rexd2 Rxd2 50. Rxd2 Bxb3 51. e7 Re8 52. Rd6 Kf7 53. Rb6 Be6 54. Be5 b3 55. g4 c4 56. f5 gxf5 57. gxf5 Bd7 58. f6 Rc8 59. Bc3 Rc6 60. Rb7 Be8 61. Rb8 Rd6 62. Rc8 Rc6 1/2-1/2

[Event "SVK-chT 2223"]
[Site "Slovakia"]
[Date "2022.12.10"]
[Round "3.6"]
[White "Kovacik, Emil"]
[Black "Urhegyi, Marton"]
[Result "1/2-1/2"]
[WhiteElo "2052"]
[BlackElo "2230"]
[PlyCount "143"]
[EventDate "2022.10.22"]
[EventType "team-tourn"]
[EventRounds "11"]
[EventCountry "SVK"]
[SourceTitle "EXT 2024"]
[Source "ChessBase"]
[SourceDate "2023.10.10"]
[SourceVersion "1"]
[SourceVersionDate "2023.10.10"]
[SourceQuality "1"]
[WhiteTeam "Dubnica nad Vahom"]
[BlackTeam "Cebovce"]
[WhiteTeamCountry "SVK"]
[BlackTeamCountry "SVK"]

1. e4 c5 2. c3 Nf6 3. e5 Nd5 4. d4 cxd4 5. Nf3 e6 6. cxd4 d6 7. Bc4 Nb6 8. Bd3 Bd7 9. 0-0 Bc6 10. Nc3 N8d7 11. Bf4 dxe5 12. dxe5 Nd5 13. Nxd5 Bxd5 14. Qe2 Be7 15. Rfd1 Qa5 16. Bb5 Bc6 17. Bxc6 bxc6 18. Nd4 Rc8 19. Qg4 Nxe5 20. Qxg7 Ng6 21. Be3 Bf8 22. Qf6 Be7 23. Qf3 Nh4 24. Qg4 Qe5 25. Nxc6 Rxc6 26. Bd4 Rc4 27. Bxe5 Rxg4 28. Bxh8 Rxg2+ 29. Kf1 f6 30. Rac1 Rxh2 31. Rc8+ Kf7 32. Rd7 Rh1+ 33. Ke2 Rb1 34. Rb7 Ng6 35. a4 a5 36. Ra8 h5 37. Rxa5 h4 38. Kf3 Nxh8 39. Rh5 Ng6 40. a5 Ra1 41. Rh7+ Kg8 42. Rhxe7 Nxe7 43. Rxe7 Rxa5 44. Rxe6 Rf5+ 45. Kg2 Rb5 46. Rxf6 Rxb2 47. Kh3 Kg7 48. Rf4 Rb6 49. Kxh4 Kg6 50. Ra4 Kf5 51. Kg3 Rg6+ 52. Kf3 Rb6 53. Ra5+ Kf6 54. Kg4 Rb4+ 55. f4 Rb6 56. Rf5+ Kg6 57. Rg5+ Kf6 58. Rh5 Kg6 59. f5+ Kg7 60. Rh1 Ra6 61. Kf4 Ra4+ 62. Kg5 Ra6 63. Rb1 Kf7 64. Rb7+ Kf8 65. Rh7 Kg8 66. Re7 Kf8 67. Re6 Rxe6 68. fxe6 Ke7 69. Kf5 Ke8 70. Kf6 Kf8 71. e7+ Ke8 72. Ke6 1/2-1/2

[Event "SVK-chT2B 2223"]
[Site "Slovakia"]
[Date "2022.11.26"]
[Round "5.2"]
[White "Zvardon, Petr"]
[Black "Kovacik, Emil"]
[Result "0-1"]
[WhiteElo "2056"]
[BlackElo "2052"]
[PlyCount "120"]
[EventDate "2022.10.08"]
[EventType "team-tourn"]
[EventRounds "11"]
[EventCountry "SVK"]
[SourceTitle "EXT 2024"]
[Source "ChessBase"]
[SourceDate "2023.10.10"]
[SourceVersion "1"]
[SourceVersionDate "2023.10.10"]
[SourceQuality "1"]
[WhiteTeam "Nemsova Horne Srnie"]
[BlackTeam "Dubnica nad Vahom III"]
[WhiteTeamCountry "SVK"]
[BlackTeamCountry "SVK"]

1. Nf3 d5 2. c4 e6 3. g3 Nf6 4. Bg2 dxc4 5. 0-0 c5 6. Na3 Nc6 7. Nxc4 Be7 8. b3 0-0 9. Bb2 Qc7 10. a3 Bd7 11. Rc1 Rfd8 12. Qc2 Be8 13. Qb1 Rac8 14. Qa1 b5 15. Ne3 Qb6 16. d3 Na5 17. Qa2 Bc6 18. Bc3 Nd5 19. Bd2 Nxe3 20. Bxe3 Bd5 21. Nd2 Qb7 22. Bxd5 exd5 23. Nf3 d4 24. Bd2 Nc6 25. Rc2 Qd7 26. Rfc1 Qe6 27. Be1 a5 28. Qb2 h6 29. Kg2 Rd5 30. b4 axb4 31. axb4 Rh5 32. Rxc5 Bxc5 33. Rxc5 Rxc5 34. bxc5 Qd5 35. Qxb5 Ne5 36. Qa4 Nxf3 37. exf3 Rxc5 38. Qe8+ Kh7 39. Bb4 Rc6 40. Qe4+ Qxe4 41. fxe4 Rc3 42. Kf1 Rxd3 43. Ke2 Rb3 44. Bc5 d3+ 45. Kd2 h5 46. h4 Kg6 47. Bd4 Ra3 48. Ke3 f6 49. Bc5 Rb3 50. Bd4 Kf7 51. Kd2 g5 52. Bc3 gxh4 53. gxh4 Rb1 54. e5 f5 55. Ba5 Rh1 56. Bd8 Rh2 57. Kxd3 Rxf2 58. Ke3 Rg2 59. Kf4 Ke6 60. Bf6 Rg4+ 0-1

[Event "SVK-chT1W 2223"]
[Site "Slovakia"]
[Date "2022.10.15"]
[Round "1.5"]
[White "Macko, Peter"]
[Black "Kovacik, Emil"]
[Result "0-1"]
[WhiteElo "2016"]
[BlackElo "2047"]
[PlyCount "62"]
[EventDate "2022.10.15"]
[EventType "team-tourn"]
[EventRounds "11"]
[EventCountry "SVK"]
[SourceTitle "EXT 2024"]
[Source "ChessBase"]
[SourceDate "2023.10.10"]
[SourceVersion "1"]
[SourceVersionDate "2023.10.10"]
[SourceQuality "1"]
[WhiteTeam "Bratislava KSN"]
[BlackTeam "Dubnica nad Vahom II"]
[WhiteTeamCountry "SVK"]
[BlackTeamCountry "SVK"]

1. e4 e5 2. Nc3 Nf6 3. g3 d5 4. exd5 Nxd5 5. Nge2 Nxc3 6. Nxc3 Nc6 7. Bg2 Be6 8. 0-0 Qd7 9. Re1 Bd6 10. d3 Bg4 11. Bf3 Bxf3 12. Qxf3 Nd4 13. Qd1 Qc6 14. Re3 0-0-0 15. Bd2 h5 16. Rc1 f5 17. Nb1 e4 18. Bc3 Nf3+ 19. Rxf3 exf3 20. Bxg7 Rhg8 21. Bf6 Rdf8 22. Bh4 f4 23. Nc3 fxg3 24. hxg3 Qd7 25. Qf1 Rg4 26. Ne4 Rxh4 27. gxh4 Qg4+ 28. Ng3 Bxg3 29. fxg3 Qxg3+ 30. Kh1 Qxh4+ 31. Kg1 Rg8+ 0-1

[Event "SVK-chT3B2 2122"]
[Site "Slovakia"]
[Date "2022.04.10"]
[Round "8.2"]
[White "Kovacik, Emil"]
[Black "Zvardon, Petr"]
[Result "1/2-1/2"]
[WhiteElo "2032"]
[BlackElo "2063"]
[PlyCount "121"]
[EventDate "2021.10.24"]
[EventType "team-tourn"]
[EventRounds "11"]
[EventCountry "SVK"]
[SourceTitle "EXT 2024"]
[Source "ChessBase"]
[SourceDate "2023.10.10"]
[SourceVersion "1"]
[SourceVersionDate "2023.10.10"]
[SourceQuality "1"]
[WhiteTeam "Dubnica nad Vahom III"]
[BlackTeam "Nemsova Horne Srnie"]
[WhiteTeamCountry "SVK"]
[BlackTeamCountry "SVK"]

1. e4 c6 2. d4 d5 3. exd5 cxd5 4. c4 Nf6 5. Nc3 g6 6. cxd5 Bg7 7. Qb3 0-0 8. g3 Nbd7 9. Bg2 Nb6 10. Nge2 Bf5 11. a4 Bd3 12. a5 Bc4 13. Qb4 Nfxd5 14. Nxd5 Bxd5 15. 0-0 Bxg2 16. Kxg2 Qd5+ 17. Kg1 Qc4 18. Qxe7 Nd5 19. Qc5 Rac8 20. Qxc4 Rxc4 21. Rd1 Rd8 22. Bg5 f6 23. Bd2 f5 24. Rac1 Rdc8 25. Kf1 Kf7 26. Ke1 Ke6 27. b3 Rxc1 28. Rxc1 Rxc1+ 29. Bxc1 Nb4 30. Be3 Nc6 31. Nf4+ Kd7 32. d5 Nxa5 33. Bxa7 Nxb3 34. Ne6 Bc3+ 35. Ke2 Kd6 36. Kd3 Bf6 37. Nf4 g5 38. Bb8+ Kd7 39. Ne2 Nc5+ 40. Kc4 Ne4 41. Ba7 Nd2+ 42. Kd3 Nf3 43. h3 Kd6 44. Ke3 Ne5 45. Nd4 Nc4+ 46. Kd3 Kxd5 47. Nxf5 b5 48. f4 b4 49. Ne3+ Nxe3 50. Bxe3 gxf4 51. Bxf4 b3 52. Bc1 b2 53. Bxb2 Bxb2 54. Ke3 Ke5 55. Kf3 Kf5 56. g4+ Kg5 57. Kg3 Be5+ 58. Kg2 Kf4 59. h4 Kxg4 60. h5 Kxh5 61. Kh1 1/2-1/2

[Event "SVK-chT3B2 2122"]
[Site "Slovakia"]
[Date "2022.02.13"]
[Round "4.1"]
[White "Kovacik, Emil"]
[Black "Motuz, Karol"]
[Result "1/2-1/2"]
[WhiteElo "2032"]
[BlackElo "2306"]
[PlyCount "93"]
[EventDate "2021.10.24"]
[EventType "team-tourn"]
[EventRounds "11"]
[EventCountry "SVK"]
[SourceTitle "EXT 2023"]
[Source "ChessBase"]
[SourceDate "2022.10.05"]
[SourceVersion "1"]
[SourceVersionDate "2022.10.05"]
[SourceQuality "1"]
[WhiteTeam "Dubnica nad Vahom III"]
[BlackTeam "Puchov Vcielka"]
[WhiteTeamCountry "SVK"]
[BlackTeamCountry "SVK"]

1. e4 g6 2. d4 Bg7 3. Nc3 d6 4. Be3 Nd7 5. Nf3 a6 6. a4 Ngf6 7. h3 0-0 8. Bc4 e5 9. dxe5 dxe5 10. 0-0 Qe7 11. Qe2 c6 12. Rfd1 Nc5 13. Bxc5 Qxc5 14. Bb3 a5 15. Qd3 Nd7 16. Qd6 Qxd6 17. Rxd6 Nc5 18. Bc4 Ne6 19. Bxe6 Bxe6 20. Ng5 Bc8 21. Rad1 h6 22. Nf3 Be6 23. b3 Rfc8 24. R6d3 Kf8 25. Nd2 Ke7 26. Nc4 Ra6 27. Ne3 h5 28. Nb1 f5 29. f3 Bf8 30. Nd2 Kf6 31. Nec4 Bc5+ 32. Kf1 b5 33. axb5 cxb5 34. Ne3 Bxe3 35. Rxe3 Rxc2 36. Rd3 a4 37. bxa4 bxa4 38. exf5 gxf5 39. Ra3 Rd6 40. Ne4+ fxe4 41. Rxd6 Ke7 42. Rxe6+ Kxe6 43. Rxa4 exf3 44. gxf3 Kf5 45. Kg1 Rd2 46. Rh4 Kg5 47. Re4 1/2-1/2

[Event "SVK-chT 2122"]
[Site "Slovakia"]
[Date "2021.10.23"]
[Round "1.4"]
[White "Varga, Lukas"]
[Black "Kovacik, Emil"]
[Result "1-0"]
[WhiteElo "2106"]
[BlackElo "2098"]
[PlyCount "99"]
[EventDate "2021.10.23"]
[EventType "team-tourn"]
[EventRounds "11"]
[EventCountry "SVK"]
[SourceTitle "CBM 204 Extra"]
[Source "ChessBase"]
[SourceDate "2021.11.30"]
[SourceVersion "1"]
[SourceVersionDate "2021.11.30"]
[SourceQuality "1"]
[WhiteTeam "Kosice Slavia UPJS"]
[BlackTeam "Dubnica nad Vahom"]
[WhiteTeamCountry "SVK"]
[BlackTeamCountry "SVK"]

1. d4 d5 2. Bf4 Nf6 3. e3 e6 4. Nf3 Bd6 5. Nbd2 0-0 6. Bd3 b6 7. Qe2 Bb7 8. Ne5 c5 9. c3 Nc6 10. Ndf3 Ne4 11. Nxc6 Bxc6 12. Ne5 Bb7 13. f3 Nf6 14. Bg5 Be7 15. Bxf6 Bxf6 16. f4 Bxe5 17. Qh5 f5 18. fxe5 Bc6 19. 0-0 Be8 20. Qh3 Qg5 21. Be2 a6 22. Rf3 Bb5 23. Rg3 Qe7 24. Re1 Bxe2 25. Rxe2 b5 26. Rf3 b4 27. cxb4 cxd4 28. exd4 Qxb4 29. Rd3 Rac8 30. Qe3 Rc4 31. a3 Qb6 32. b3 Rc6 33. Rc3 Rfc8 34. Rec2 h6 35. Rc5 Rxc5 36. Rxc5 Ra8 37. Qc3 Re8 38. h3 Re7 39. Kh2 Kf7 40. b4 Ra7 41. Rc6 Qb7 42. Qc5 Qe7 43. a4 Rb7 44. Rb6 Rxb6 45. Qxb6 Qg5 46. Qc7+ Kg6 47. Qc3 Qd8 48. Qc6 Qg5 49. Qxe6+ Kh5 50. Qxf5 1-0

[Event "Tatranska Lomnica Tatry op"]
[Site "Tatranska Lomnica"]
[Date "2021.10.03"]
[Round "2"]
[White "Stockova, Zuzana"]
[Black "Kovacik, Emil"]
[Result "1-0"]
[WhiteElo "2279"]
[BlackElo "2098"]
[PlyCount "113"]
[EventDate "2021.10.02"]
[EventType "swiss"]
[EventRounds "9"]
[EventCountry "SVK"]
[SourceTitle "EXT 2023"]
[Source "ChessBase"]
[SourceDate "2022.10.05"]
[SourceVersion "1"]
[SourceVersionDate "2022.10.05"]
[SourceQuality "1"]

1. e4 e6 2. d4 d5 3. Nd2 c5 4. Ngf3 Nc6 5. exd5 exd5 6. Bb5 Qe7+ 7. Be2 Qc7 8. 0-0 Nf6 9. Re1 cxd4 10. Bb5+ Be7 11. Qe2 a6 12. Bxc6+ bxc6 13. Nxd4 c5 14. Nc6 Be6 15. Nxe7 Qxe7 16. f4 g6 17. c4 d4 18. Qe5 0-0 19. f5 gxf5 20. Nf3 Ng4 21. Qg3 Kh8 22. h3 Ne3 23. Bxe3 dxe3 24. Qe5+ f6 25. Qxe3 Rfe8 26. Re2 Qf8 27. Rae1 Bf7 28. Qf4 Rxe2 29. Rxe2 Re8 30. Rxe8 Qxe8 31. Qxf5 Qe3+ 32. Kh2 Kg7 33. Qg4+ Kh6 34. b3 Bg6 35. Qh4+ Kg7 36. Qg3 Qe7 37. Nh4 Qd7 38. Nf3 Kf7 39. Qf4 Kg7 40. Qb8 Be4 41. Qg3+ Bg6 42. Ng1 Qe7 43. Kh1 Qd7 44. Qe3 Qd6 45. Ne2 Qd1+ 46. Kh2 Qd6+ 47. Qg3 Qd7 48. Nf4 Kf7 49. Qf3 Qc7 50. Kh1 Qa5 51. Qd5+ Kg7 52. Ne6+ Kh6 53. Qd1 Bf5 54. Qf1 Kg6 55. Nf8+ Kg5 56. Qc1+ Kh5 57. Qf4 1-0

[Event "SVK-chT1W 1920"]
[Site "Slovakia"]
[Date "2020.06.21"]
[Round "11.1"]
[White "Kovacik, Emil"]
[Black "Sipos, Istvan"]
[Result "0-1"]
[WhiteElo "2102"]
[BlackElo "2468"]
[PlyCount "74"]
[EventDate "2019.10.12"]
[EventType "team-tourn"]
[EventRounds "11"]
[EventCountry "SVK"]
[SourceTitle "EXT 2022"]
[Source "ChessBase"]
[SourceDate "2021.10.06"]
[SourceVersion "1"]
[SourceVersionDate "2021.10.06"]
[SourceQuality "1"]
[WhiteTeam "Dubnica nad Vahom II"]
[BlackTeam "Gabcikovo MSK"]
[WhiteTeamCountry "SVK"]
[BlackTeamCountry "SVK"]

1. e4 e5 2. Nf3 Nc6 3. Bc4 Nf6 4. d3 h6 5. 0-0 d6 6. c3 g6 7. Re1 Bg7 8. Nbd2 0-0 9. Nf1 a6 10. a4 d5 11. exd5 Nxd5 12. Ne3 Be6 13. Nxd5 Bxd5 14. Bb3 Rb8 15. Bc2 Qd7 16. Be3 Rfe8 17. Nd2 f5 18. f3 Bf7 19. Bf2 Kh7 20. Nb3 b6 21. a5 Bxb3 22. Bxb3 Nxa5 23. Ba4 Nc6 24. Bxc6 Qxc6 25. Rxa6 Ra8 26. Rxa8 Rxa8 27. Qb3 Rd8 28. Qf7 Rd7 29. Qe8 Qd6 30. d4 Re7 31. Qa4 exd4 32. Rxe7 Qxe7 33. cxd4 Qe2 34. h4 Qxb2 35. h5 gxh5 36. Qc6 b5 37. Qxc7 b4 0-1

[Event "SVK-chT 1920"]
[Site "Slovakia"]
[Date "2020.02.29"]
[Round "7.6"]
[White "Kovacik, Emil"]
[Black "Varga, Lukas"]
[Result "0-1"]
[WhiteElo "2124"]
[BlackElo "1893"]
[PlyCount "76"]
[EventDate "2019.10.19"]
[EventType "team-tourn"]
[EventRounds "11"]
[EventCountry "SVK"]
[SourceTitle "CBM 195 Extra"]
[Source "ChessBase"]
[SourceDate "2020.05.31"]
[SourceVersion "1"]
[SourceVersionDate "2020.05.31"]
[SourceQuality "1"]
[WhiteTeam "Dubnica nad Vahom"]
[BlackTeam "Kosice Slavia UPJS"]
[WhiteTeamCountry "SVK"]
[BlackTeamCountry "SVK"]

1. e4 c5 2. c3 Nf6 3. e5 Nd5 4. d4 cxd4 5. Nf3 e6 6. cxd4 d6 7. Bc4 Nc6 8. 0-0 Be7 9. Qe2 0-0 10. Rd1 Na5 11. Bd3 Nb4 12. Qe4 Nxd3 13. Rxd3 Bd7 14. Nc3 Bc6 15. Qg4 f5 16. exf6 Rxf6 17. d5 Bd7 18. Qh5 Rf5 19. Qg4 e5 20. Qb4 b5 21. Ne4 Nc4 22. b3 a5 23. Qe1 Nb6 24. Be3 Rf8 25. Nfd2 Qc7 26. f3 Bf5 27. Qf2 Nd7 28. Nf1 Bxe4 29. Rd2 Bg6 30. Ng3 Rac8 31. Qe2 Qc3 32. Re1 Qb4 33. Qd1 Nc5 34. f4 Nd3 35. f5 Nxe1 36. fxg6 Qc3 37. gxh7+ Kh8 38. Qxe1 Qxe3+ 0-1

[Event "SVK-chT1W 1920"]
[Site "Slovakia"]
[Date "2019.12.07"]
[Round "5.2"]
[White "Kovacik, Emil"]
[Black "Dobrotka, Martin"]
[Result "0-1"]
[WhiteElo "2124"]
[BlackElo "2197"]
[PlyCount "88"]
[EventDate "2019.10.12"]
[EventType "team-tourn"]
[EventRounds "11"]
[EventCountry "SVK"]
[SourceTitle "CBM 193 Extra"]
[Source "ChessBase"]
[SourceDate "2020.01.31"]
[SourceVersion "1"]
[SourceVersionDate "2020.01.31"]
[SourceQuality "1"]
[WhiteTeam "Dubnica nad Vahom II"]
[BlackTeam "Povazska Bystrica"]
[WhiteTeamCountry "SVK"]
[BlackTeamCountry "SVK"]

1. e4 c5 2. c3 d5 3. exd5 Qxd5 4. d4 e5 5. dxe5 Qxe5+ 6. Be2 Nf6 7. Nf3 Qd5 8. 0-0 Qxd1 9. Rxd1 Be7 10. Na3 0-0 11. Nb5 Na6 12. Bg5 Be6 13. Ne5 h6 14. Bxf6 gxf6 15. Nc4 Rfd8 16. b3 f5 17. Na5 Rab8 18. Bf3 c4 19. Nxc4 Nc5 20. Nd4 Bf6 21. Rac1 Bxc4 22. bxc4 Na4 23. Bd5 Bxd4 24. Rxd4 Kg7 25. Kf1 Re8 26. Rf4 Re5 27. Re1 Rbe8 28. Rxe5 Rxe5 29. Bxb7 Nc5 30. g4 Nxb7 31. gxf5 Kf6 32. Rh4 Kg5 33. Rd4 Re7 34. Rd5 Rc7 35. Kg2 Nc5 36. Kf3 Na4 37. Ke3 Nxc3 38. Ra5 Nd1+ 39. Kd4 Nxf2 40. Kd5 Nd3 41. Kd6 Rxc4 42. Rxa7 Rd4+ 43. Kc6 Ne5+ 44. Kc5 Rd2 0-1

[Event "SVK-chT1W 1920"]
[Site "Slovakia"]
[Date "2019.10.13"]
[Round "2.3"]
[White "Torotto, Antal"]
[Black "Kovacik, Emil"]
[Result "0-1"]
[WhiteElo "1977"]
[BlackElo "2124"]
[PlyCount "68"]
[EventDate "2019.10.12"]
[EventType "team-tourn"]
[EventRounds "11"]
[EventCountry "SVK"]
[SourceTitle "CBM 193 Extra"]
[Source "ChessBase"]
[SourceDate "2020.01.31"]
[SourceVersion "1"]
[SourceVersionDate "2020.01.31"]
[SourceQuality "1"]
[WhiteTeam "Batorove Kosihy"]
[BlackTeam "Dubnica nad Vahom II"]
[WhiteTeamCountry "SVK"]
[BlackTeamCountry "SVK"]

1. e4 e6 2. Qe2 c5 3. g3 g6 4. Bg2 Nc6 5. c3 Bg7 6. d3 Nge7 7. h4 h6 8. Be3 d6 9. Na3 0-0 10. Nh3 Rb8 11. Qd2 Kh7 12. d4 cxd4 13. cxd4 d5 14. e5 Nf5 15. Nf4 Bd7 16. Bh3 Nce7 17. 0-0 Qb6 18. Ng2 Rfc8 19. g4 Nxe3 20. fxe3 Kg8 21. Nf4 Bf8 22. Nd3 Nc6 23. Nc2 Be7 24. h5 Bg5 25. Nf4 Kg7 26. hxg6 fxg6 27. b3 Qa5 28. Qd3 Ne7 29. Rf2 Qc3 30. Qf1 Rf8 31. Rc1 Rbc8 32. Qd3 Bxf4 33. Qxc3 Rxc3 34. Bf1 Bxe3 0-1

[Event "Tatry op"]
[Site "Tatranske Zruby"]
[Date "2019.09.30"]
[Round "4"]
[White "Mosny, Jaroslav"]
[Black "Kovacik, Emil"]
[Result "1/2-1/2"]
[WhiteElo "1882"]
[BlackElo "2096"]
[PlyCount "76"]
[EventDate "2019.09.28"]
[EventType "swiss"]
[EventRounds "9"]
[EventCountry "SVK"]
[SourceTitle "EXT 2020"]
[Source "ChessBase"]
[SourceDate "2019.10.17"]
[SourceVersion "1"]
[SourceVersionDate "2019.10.17"]
[SourceQuality "1"]

1. d4 d5 2. Nf3 Nf6 3. e3 e6 4. Bd3 c5 5. b3 Be7 6. 0-0 0-0 7. Nbd2 b6 8. Bb2 Ba6 9. c4 Nc6 10. Rc1 Rc8 11. Ne5 Bb7 12. Qe2 dxc4 13. Ndxc4 cxd4 14. Nxc6 Rxc6 15. Bxd4 Qa8 16. f3 Rfc8 17. Rcd1 Bc5 18. Bxc5 Rxc5 19. Nd6 Rb8 20. b4 Rc7 21. Bb5 Nd5 22. Rc1 Rxc1 23. Rxc1 Rd8 24. Nxb7 Qxb7 25. a3 Rc8 26. Qd2 Rxc1+ 27. Qxc1 Qc7 28. Qxc7 Nxc7 29. Bc4 Ne8 30. Kf2 Nd6 31. Bd3 e5 32. f4 e4 33. Be2 f5 34. Ke1 Kf7 35. Kd2 Ke6 36. Kc3 Kd5 37. g3 g6 38. Bf1 b5 1/2-1/2

[Event "SVK-chT1W 1819"]
[Site "Slovakia"]
[Date "2019.02.23"]
[Round "8.2"]
[White "Kovacik, Emil"]
[Black "Zetocha, Claudiu"]
[Result "0-1"]
[WhiteElo "2094"]
[BlackElo "2316"]
[PlyCount "70"]
[EventDate "2018.10.27"]
[EventType "team-tourn"]
[EventRounds "11"]
[EventCountry "SVK"]
[SourceTitle "CBM 189 Extra"]
[Source "ChessBase"]
[SourceDate "2019.06.03"]
[SourceVersion "1"]
[SourceVersionDate "2019.06.03"]
[SourceQuality "1"]
[WhiteTeam "Dubnica nad Vahom II"]
[BlackTeam "Bratislava Slovan II"]
[WhiteTeamCountry "SVK"]
[BlackTeamCountry "SVK"]

1. e4 c6 2. c4 e5 3. Nf3 d6 4. d4 Nd7 5. Nc3 Ngf6 6. Be2 Be7 7. 0-0 0-0 8. h3 Re8 9. Re1 Bf8 10. d5 Nc5 11. Qc2 a5 12. b3 Nh5 13. Bg5 Qc7 14. a3 g6 15. g4 Nf4 16. Bf1 h6 17. Bxf4 exf4 18. Rab1 Bg7 19. b4 axb4 20. axb4 Nd7 21. Ne2 Ra3 22. Ned4 Ne5 23. Nxe5 Bxe5 24. Rb3 Rxb3 25. Nxb3 Qe7 26. Nd2 h5 27. gxh5 Qg5+ 28. Kh1 Qxh5 29. Qd3 Kg7 30. Qf3 Qh4 31. Qg2 Rh8 32. Nf3 Qh5 33. Ng1 g5 34. Nf3 Bxh3 35. Qxh3 Qxf3+ 0-1

[Event "SVK-chT1W 1819"]
[Site "Slovakia"]
[Date "2019.01.13"]
[Round "6.2"]
[White "Kovacik, Emil"]
[Black "Kusiak, Matej"]
[Result "1/2-1/2"]
[WhiteElo "2068"]
[BlackElo "2259"]
[PlyCount "141"]
[EventDate "2018.10.27"]
[EventType "team-tourn"]
[EventRounds "11"]
[EventCountry "SVK"]
[SourceTitle "CBM 188 Extra"]
[Source "ChessBase"]
[SourceDate "2019.02.26"]
[SourceVersion "1"]
[SourceVersionDate "2019.02.26"]
[SourceQuality "1"]
[WhiteTeam "Dubnica nad Vahom II"]
[BlackTeam "Nitra NSK"]
[WhiteTeamCountry "SVK"]
[BlackTeamCountry "SVK"]

1. e4 e5 2. Nf3 Nc6 3. Bc4 Nf6 4. d4 exd4 5. e5 d5 6. Bb5 Ne4 7. Nxd4 Bd7 8. Bxc6 bxc6 9. 0-0 Bc5 10. Be3 0-0 11. f3 Ng5 12. f4 Ne4 13. Nd2 Nxd2 14. Qxd2 f6 15. Nb3 Bxe3+ 16. Qxe3 fxe5 17. fxe5 Rxf1+ 18. Rxf1 Qe7 19. Re1 Be8 20. Qc5 Qxc5+ 21. Nxc5 Bg6 22. c3 Re8 23. Kf2 Kf7 24. g4 a5 25. Kg3 Rb8 26. b3 Ke7 27. a3 Bc2 28. Rc1 Bxb3 29. Rb1 a4 30. Nxa4 Rb5 31. Nc5 Rxc5 32. Rxb3 g5 33. a4 Ke6 34. Ra3 Ra5 35. h4 h6 36. Ra1 Kxe5 37. Re1+ Kf6 38. Rf1+ Kg7 39. hxg5 hxg5 40. Rf5 Kg6 41. c4 Rxa4 42. cxd5 Ra5 43. Re5 cxd5 44. Re6+ Kf7 45. Rc6 Ra7 46. Kf3 Ke7 47. Ke3 Kd7 48. Rg6 Ra4 49. Rxg5 Kd6 50. Kf3 c5 51. Rf5 Ke6 52. Rf8 c4 53. g5 Ke5 54. g6 Ra7 55. Rf7 Ra6 56. g7 Rg6 57. Ke3 d4+ 58. Ke2 Ke4 59. Re7+ Kd5 60. Rc7 Rg5 61. Kf3 c3 62. Ke2 Re5+ 63. Kd1 Re8 64. Rf7 Rg8 65. Kc2 Ke6 66. Rc7 Kf6 67. Rd7 Rxg7 68. Rxd4 Rc7 69. Rd3 Ke5 70. Rxc3 Rxc3+ 71. Kxc3 1/2-1/2

[Event "SVK-chT 1819"]
[Site "Slovakia"]
[Date "2018.12.09"]
[Round "4.5"]
[White "Kovacik, Emil"]
[Black "Kopera, Michal"]
[Result "1/2-1/2"]
[WhiteElo "2060"]
[BlackElo "2150"]
[PlyCount "51"]
[EventDate "2018.11.10"]
[EventType "team-tourn"]
[EventRounds "11"]
[EventCountry "SVK"]
[SourceTitle "CBM 187 Extra"]
[Source "ChessBase"]
[SourceDate "2018.11.04"]
[SourceVersion "1"]
[SourceVersionDate "2018.11.04"]
[SourceQuality "1"]
[WhiteTeam "Dubnica nad Vahom"]
[BlackTeam "Zilina Mladost"]
[WhiteTeamCountry "SVK"]
[BlackTeamCountry "SVK"]

1. e4 e5 2. Nf3 Nc6 3. Nc3 Nf6 4. d4 exd4 5. Nxd4 Bb4 6. Nxc6 bxc6 7. Bd3 d5 8. exd5 cxd5 9. 0-0 0-0 10. Bg5 Be7 11. Re1 Be6 12. Ne2 h6 13. Bh4 c5 14. c3 Qc7 15. Bc2 Rfe8 16. Qd3 Ne4 17. Bxe7 Rxe7 18. Ng3 Rae8 19. Red1 g6 20. Ba4 Rb8 21. b3 Nf6 22. Qd2 Kg7 23. Rac1 h5 24. Qg5 Rh8 25. Re1 h4 26. Ne2 1/2-1/2

[Event "SVK-chT1W 1718"]
[Site "Slovakia"]
[Date "2017.11.05"]
[Round "4.6"]
[White "Meszaros, Norbert"]
[Black "Kovacik, Emil"]
[Result "1/2-1/2"]
[WhiteElo "2120"]
[BlackElo "2097"]
[PlyCount "36"]
[EventDate "2017.10.21"]
[EventType "team-tourn"]
[EventRounds "11"]
[EventCountry "SVK"]
[SourceTitle "CBM 181 Extra"]
[Source "ChessBase"]
[SourceDate "2017.12.12"]
[SourceVersion "1"]
[SourceVersionDate "2017.12.12"]
[SourceQuality "1"]
[WhiteTeam "Bratislava Lokomotiva"]
[BlackTeam "Dubnica nad Vahom II"]
[WhiteTeamCountry "SVK"]
[BlackTeamCountry "SVK"]

1. e4 e6 2. d4 d5 3. e5 c5 4. c3 Nc6 5. Nf3 Qb6 6. Bd3 cxd4 7. cxd4 Bd7 8. 0-0 Nxd4 9. Nxd4 Qxd4 10. Nc3 a6 11. Be3 Qxe5 12. Bc2 Nf6 13. Bd4 Qd6 14. Re1 Be7 15. Be5 Qc5 16. Bd4 Qd6 17. Be5 Qc5 18. Bd4 Qd6 1/2-1/2